Stray kids Songs but with the Alphabet (Ult Stay/Hard vers) - Statistics

General Stats
  • This quiz has been taken 177 times
  • The average score is 15 of 50
Answer Stats
Answer % Correct
N N/S
73%
H Hellevator
63%
B Back Door
49%
M Miroh
47%
W Who
46%
E Easy
42%
J Jjam
42%
Y yayaya
42%
C Charmer
41%
I I am you
40%
T Ta
40%
I Insomnia
39%
L Levanter
38%
Y youtiful
37%
L lalalala
35%
P Phobia
35%
F Freeze
34%
G Get Cool
34%
Z Zone
34%
B B me
32%
D DLC
32%
V Voices
32%
V Victory Song
31%
A Awaken
30%
I Item
30%
E Ex
29%
A Awkward Silence
28%
L Leave
28%
S Superboard
28%
C Chill
26%
T The View
25%
W Wolfgang
25%
M M.I.A
24%
S Sorry, I love you
24%
N Not
23%
R Rock
23%
G Grow Up
22%
P Placebo
21%
D DLMLU
19%
R Runners
19%
Y Your eyes
19%
M My Side
17%
O One day
17%
Q Questions
17%
F Fairytale
15%
T There
15%
H Hoodie Season
14%
L Love untold
12%
V Volcano
10%
P Partys not over
7%
No matching quizzes found
Score Distribution
Percent of People with Each Score
Percentile by Number Answered
Your Score History
You have not taken this quiz